Language Quiz

Random Language or Blitz Quiz
Score 0/197 Timer 03:00
4 Plays Today
Answer % Correct
✔ Switzerland
99.6%
✔ Argentina
99.6%
✔ Brazil
99.6%
✔ Australia
99.5%
✔ Trinidad and Tobago
99.5%
✔ New Zealand
99.5%
✔ Belize
99.5%
✔ Lebanon
99.5%
✔ Chile
99.5%
✔ United States
99.5%
✔ United Arab Emirates
99.5%
✔ Monaco
99.4%
✔ Laos
99.4%
✔ Cambodia
99.4%
✔ Bahrain
99.4%
✔ Rwanda
99.4%
✔ Singapore
99.4%
✔ Cameroon
99.4%
✔ Canada
99.4%
✔ Madagascar
99.4%
✔ Malaysia
99.4%
✔ Vanuatu
99.4%
✔ Costa Rica
99.4%
✔ Palau
99.4%
✔ Panama
99.4%
✔ Iceland
99.4%
✔ Namibia
99.4%
✔ Oman
99.4%
✔ Tanzania
99.3%
✔ Uganda
99.3%
✔ Ethiopia
99.3%
✔ Eritrea
99.3%
✔ South Sudan
99.3%
✔ Brunei
99.3%
✔ Indonesia
99.3%
✔ Guyana
99.3%
✔ Timor-Leste
99.3%
✔ Suriname
99.2%
✔ South Africa
99.1%
✔ Kenya
99.1%
✔ Bangladesh
99.1%
✔ Ireland
99.1%
✔ Philippines
99.1%
✔ Equatorial Guinea
99%
✔ Sri Lanka
99%
✔ Lesotho
99%
✔ Bahamas
99%
✔ Ghana
99%
✔ Nigeria
99%
✔ Seychelles
99%
✔ Zambia
99%
✔ Fiji
99%
✔ Malta
99%
✔ Samoa
99%
✔ Tuvalu
99%
✔ Antigua and Barbuda
99%
✔ The Gambia
99%
✔ Kiribati
99%
✔ Maldives
99%
✔ Nauru
99%
✔ Papua New Guinea
99%
✔ Tonga
99%
✔ Zimbabwe
99%
✔ Botswana
99%
✔ eSwatini
99%
✔ Barbados
98.9%
Answer % Correct
✔ Dominica
98.9%
✔ Grenada
98.9%
✔ Jamaica
98.9%
✔ Liberia
98.9%
✔ Micronesia
98.9%
✔ St. Kitts and Nevis
98.9%
✔ St. Lucia
98.9%
✔ St. Vincent and the Grenadines
98.9%
✔ Sierra Leone
98.9%
✔ Solomon Islands
98.9%
✔ United Kingdom
98.9%
✔ Italy
98.7%
✔ Belgium
98.7%
✔ Vietnam
98.6%
✔ Syria
98.5%
✔ Luxembourg
98.5%
✔ Djibouti
98.5%
✔ Algeria
98.5%
✔ Mauritania
98.5%
✔ Morocco
98.5%
✔ Tunisia
98.5%
✔ Chad
98.5%
✔ Comoros
98.5%
✔ Andorra
98.3%
✔ Burundi
97.3%
✔ Spain
97.3%
✔ Bolivia
97.2%
✔ Ecuador
97.2%
✔ Peru
97.2%
✔ Guatemala
97.1%
✔ Mexico
97.1%
✔ Paraguay
97.1%
✔ Malawi
97.2%
✔ Colombia
97.1%
✔ Cuba
97.1%
✔ Dominican Republic
97.1%
✔ El Salvador
97.1%
✔ Honduras
97.1%
✔ Nicaragua
97.1%
✔ Venezuela
97.1%
✔ Uruguay
97.1%
✔ France
97%
✔ Democratic Republic of the Congo
96.9%
✔ Haiti
96.8%
✔ Mauritius
96.8%
✔ Benin
96.7%
✔ Niger
96.7%
✔ Senegal
96.7%
✔ Republic of the Congo
96.6%
✔ Mali
96.6%
✔ Togo
96.6%
✔ Burkina Faso
96.6%
✔ Central African Republic
96.6%
✔ Cote d'Ivoire
96.6%
✔ Gabon
96.6%
✔ Guinea
96.6%
✔ Austria
94.6%
✔ Somalia
94.4%
✔ Libya
94.4%
✔ China
93.4%
✔ Taiwan
92.3%
✔ Lithuania
90.6%
✔ Belarus
90.5%
✔ Germany
89.4%
✔ Liechtenstein
89.4%
✔ Latvia
88.6%
Answer % Correct
✔ Georgia
88.4%
✔ Azerbaijan
88.4%
✔ Estonia
88.4%
✔ Armenia
88.3%
✔ Mongolia
88.2%
✔ Ukraine
88%
✔ Kyrgyzstan
88%
✔ Turkmenistan
87.9%
✔ Uzbekistan
87.9%
✔ Kazakhstan
87.8%
✔ Tajikistan
87.7%
✔ Moldova
87.5%
✔ Russia
87.4%
✔ Iran
87.2%
✔ Israel
86.2%
✔ Palestine
86.2%
✔ Iraq
85.4%
✔ Egypt
84.3%
✔ Jordan
84.3%
✔ Kuwait
84.3%
✔ Qatar
84.3%
✔ Saudi Arabia
84.3%
✔ Sudan
84.3%
✔ Yemen
84.3%
✔ Cabo Verde
84.2%
✔ Guinea-Bissau
84.2%
✔ Angola
83.7%
✔ Mozambique
83.3%
✔ Portugal
83.4%
✔ Sao Tome and Principe
83.3%
✔ Vatican City
80.2%
✔ Japan
80.1%
✔ San Marino
77.1%
✔ India
75.1%
✔ Sweden
74.8%
✔ Finland
74.7%
✔ Kosovo
71%
✔ North Macedonia
70.9%
✔ Albania
70.7%
✔ Cyprus
69.3%
✔ Netherlands
65.8%
✔ Bulgaria
64.8%
✔ Slovakia
62%
✔ Serbia
59.8%
✔ Greece
59.3%
✔ North Korea
58.9%
✔ South Korea
58.9%
✔ Norway
55.4%
✔ Turkey
51.4%
✔ Poland
51.1%
✔ Romania
50.6%
✔ Denmark
50.3%
✔ Afghanistan
48.7%
✔ Slovenia
47.1%
✔ Montenegro
46.3%
✔ Bosnia and Herzegovina
45%
✔ Pakistan
44.6%
✔ Croatia
43.8%
✔ Czechia
41.6%
✔ Thailand
41.2%
✔ Hungary
37.2%
✔ Myanmar
14%
✔ Nepal
11.6%
✔ Bhutan
6.4%
✔ Marshall Islands
6%
Remove Ads.
Support Sporcle.
Get the best of Sporcle when you Go Orange. This ad-free experience offers more features, more stats, and more fun while also helping to support Sporcle. Thank you for becoming a member.

You're not logged in!

Compare scores with friends on all Sporcle quizzes.
OR
Log In

Sporcle TV

Today on Sporcle TV


Watch our educational content, quiz creation guides, and fun videos on Sporcle TV.

Show Comments

Extras

Top Quizzes Today


Score Distribution

Paid Content

Your Account Isn't Verified!

In order to create a playlist on Sporcle, you need to verify the email address you used during registration. Go to your Sporcle Settings to finish the process.

Report this User

Report this user for behavior that violates our Community Guidelines.

Details: